00446nam a2200145Ia 4500008004100000020001500041100002200056245003700078260001800115500002400133650003500157942000700192952008400199999001700283230524s9999 xx 000 0 und d a818419398X aRenu Saran936639 0aGreat Personalities of the World bDiamond Books aQuantity Number: 1 aPersonality Development936640 cBK 00104070aTATCLbTATCLcGENd2023-05-24l0p44982r2023-05-24w2023-05-24yBK c50678d50678